书目信息 |
| 题名: |
预拌混凝土质量体系管理
|
|
| 作者: | 马清浩, , 杭美艳, , 王玉瑛 编著 | |
| 分册: | ||
| 出版信息: | 北京 中国建筑工业出版社 2011.07 |
|
| 页数: | 394页 | |
| 开本: | 29cm | |
| 丛书名: | ||
| 单 册: | ||
| 中图分类: | TU528.520 | |
| 科图分类: | ||
| 主题词: | 预搅拌混凝土--yu jiao ban hun ning tu--质量管理体系 | |
| 电子资源: | ||
| ISBN: | 978-7-112-13197-6 | |
| 000 | 00943nam0 2200253 450 | |
| 001 | 0100004427 | |
| 005 | 20240506144108.81 | |
| 010 | @a978-7-112-13197-6@dCNY65.00 (含光盘) | |
| 010 | @a978-7-89475-248-9@b光盘 | |
| 100 | @a20110809d2011 ekmy0chiy0121 ea | |
| 101 | 0 | @achi |
| 102 | @aCN@b110000 | |
| 105 | @ak z 000yy | |
| 200 | 1 | @a预拌混凝土质量体系管理@Ayu ban hun ning tu zhi liang ti xi guan li@f马清浩, 杭美艳, 王玉瑛编著 |
| 210 | @a北京@c中国建筑工业出版社@d2011.07 | |
| 215 | @a394页@d29cm@e光盘1片 | |
| 330 | @a本书主要介绍了预拌混凝土体系管理的内容,属于宏观管理范畴。全书共包括:质量手册及程序文件;岗位责任制等。 | |
| 606 | 0 | @a预搅拌混凝土@Ayu jiao ban hun ning tu@x质量管理体系 |
| 690 | @aTU528.520@v4 | |
| 701 | 0 | @a马清浩,@Ama qing hao@f1966-@4编著 |
| 701 | 0 | @a杭美艳,@Ahang mei yan@f1964-@4编著 |
| 701 | 0 | @a王玉瑛@Awang yu ying@4编著 |
| 801 | 0 | @aCN@b河南城建学院图书馆@c20150827 |
| 905 | @dTU528.520@eM133 | |
| 预拌混凝土质量体系管理/马清浩, 杭美艳, 王玉瑛编著.-北京:中国建筑工业出版社,2011.07 |
| 394页;29cm+光盘1片 |
| ISBN 978-7-112-13197-6:CNY65.00 (含光盘) |
| 本书主要介绍了预拌混凝土体系管理的内容,属于宏观管理范畴。全书共包括:质量手册及程序文件;岗位责任制等。 |
| ● |
| 相关链接 |
|
|
|
正题名:预拌混凝土质量体系管理
索取号:TU528.520/M133
 
预约/预借
| 序号 | 登录号 | 条形码 | 馆藏地/架位号 | 状态 | 备注 |
| 1 | 1178214 | 211782141 | 建筑库201/201建筑库 8排3列4层/ [索取号:TU528.520/M133] | 在馆 | |
| 2 | 1178215 | 211782150 | 建筑库201/201建筑库 8排3列4层/ [索取号:TU528.520/M133] | 在馆 | |
| 3 | 1178216 | 211782169 | 建筑库201/201建筑库 8排3列4层/ [索取号:TU528.520/M133] | 在馆 | |
| 4 | 1302869 | 213028695 | 建筑库201/201建筑库 8排3列4层/ [索取号:TU528.520/M133] | 在馆 | |
| 5 | 1302870 | 213028702 | 建筑库201/201建筑库 8排3列4层/ [索取号:TU528.520/M133] | 在馆 | |
| 6 | 1302871 | 213028711 | 建筑库201/201建筑库 8排3列4层/ [索取号:TU528.520/M133] | 在馆 | |
| 7 | 1302872 | 213028720 | 建筑库201/201建筑库 8排3列4层/ [索取号:TU528.520/M133] | 在馆 | |
| 8 | 1302873 | 213028739 | 建筑库201/201建筑库 8排3列4层/ [索取号:TU528.520/M133] | 在馆 | |
| 9 | 1302874 | 213028748 | 建筑库201/201建筑库 8排3列4层/ [索取号:TU528.520/M133] | 在馆 | |
| 10 | 1519181 | 215191815 | 建筑库201/201建筑库 8排3列4层/ [索取号:TU528.520/M133] | 在馆 | |
| 11 | 1519182 | 215191824 | 建筑库201/201建筑库 8排3列4层/ [索取号:TU528.520/M133] | 在馆 | |
| 12 | 1519183 | 215191833 | 建筑库201/201建筑库 8排3列4层/ [索取号:TU528.520/M133] | 在馆 | |
| 13 | 1519184 | 215191842 | 建筑库201/201建筑库 8排3列4层/ [索取号:TU528.520/M133] | 在馆 | |
| 14 | 1519185 | 215191851 | 建筑库201/201建筑库 8排3列4层/ [索取号:TU528.520/M133] | 在馆 | |
| 15 | 1519186 | 215191860 | 建筑库201/201建筑库 8排3列4层/ [索取号:TU528.520/M133] | 在馆 |